Genetic variation of wood specific gravity in Hevea clones (Record no. 59890)

MARC details
000 -LEADER
fixed length control field 00510nam a2200193Ia 4500
100 ## - MAIN ENTRY--AUTHOR NAME
Personal name Zemo Cai
245 #0 - TITLE STATEMENT
Title Genetic variation of wood specific gravity in Hevea clones
260 ## - PUBLICATION, DISTRIBUTION, ETC. (IMPRINT)
Name of publisher Chinese Journal of Tropical Crops
Year of publication 1991
300 ## - PHYSICAL DESCRIPTION
Number of Pages 21
650 ## - SUBJECT ADDED ENTRY--TOPICAL TERM
Topical Term Clones
650 ## - SUBJECT ADDED ENTRY--TOPICAL TERM
Topical Term Heritability
650 ## - SUBJECT ADDED ENTRY--TOPICAL TERM
Topical Term Hevea brasiliensis
650 ## - SUBJECT ADDED ENTRY--TOPICAL TERM
Topical Term Wood specific gravity
700 ## - ADDED ENTRY--PERSONAL NAME
Personal name Shiqiang He
700 ## - ADDED ENTRY--PERSONAL NAME
Personal name Suitong Wang
700 ## - ADDED ENTRY--PERSONAL NAME
Personal name Wenhai Li
942 ## - ADDED ENTRY ELEMENTS (KOHA)
Koha item type Journals
Holdings
Withdrawn status Lost status Damaged status Not for loan Home library Current library Shelving location Date acquired Serial Enumeration / chronology Koha item type
      Journals RRII Library RRII Library Botany 17/12/2021 Volume 12, Issue 1 Journals